000 00635nam a2200157 a 4500
001 000046566
005 20201002052950.0
008 110224s2007 dr acd 000 0 spa d
040 _aDO-SdBNP
_bspa
_cBNPHU
111 2 _aAsamblea general de delegados
_n(36:
_d2007: 7-8, nov.
_cSan Pedro de Macorís, República Dominicana)
_974556
245 1 0 _aInforme de actibidades a la trigesima sexta (XXXVI) Asamblea general de delegados 2006 /.
260 _aSanto Domingo :
_bCOOPNAMA,
_c2007.
300 _a61 p. :
_bils., gráfs., retrs. ;
_c29 cm.
710 1 _aCooperativa Nacional de Servicios Multiples de los Maestro
_952745
049 _aBNPD
999 _c46055
_d46055